Statistics for Michigan Cities Map Quiz

Click here to take the quiz!

General Stats

  • This quiz has been taken 9,499 times
  • The average score is 8 of 15

Answers on the Map

Answers color-coded by a green-red scale on the quiz's map according to % correct below.
Loading ...
 

Answer Stats

Answer% Correct
Detroit
90%
Lansing
70%
Flint
66%
Grand Rapids
66%
Sault Ste Marie
64%
Kalamazoo
61%
Mackinac City
60%
Port Huron
58%
Traverse City
54%
Bay City
53%
Muskegon
46%
Escanaba
41%
Alpena
37%
Bad Axe
36%
Houghton
35%

Score Distribution

Percentile by Number Answered

Percent of People with Each Score

Your Score History

You have not taken this quiz